1648 1750 1704 1470 1228 1572 1786 1217 1801 1600 1953 1725 1106 1643 1372 1900 1629 1091 1724 1188 1951 1108 1434 1960 1808 1779 1255 1035 1479 1412 1744 1872 1962 1705 1525 1638 1652 1211 1072 1320 1730 1641 1603 1347 1355 1934 1071 1470 1769 1719 1067 1769 1103 1805 1150 1057 1224 1865 1374 1910 1971 1829 1649 1075 1474 1711 1152 1260 1459 1433 1189 1489 1187 1241 1565 1291 1995 1578 1418 1061 1449 1433 1252 1858 1759 1322 1780 1362 1165 1529 1754 1266 1941 1392 1498 1251 1227 1549 1378 BCNSPRNW ULIB Ver.6.0+V

เปลี่ยนเป็นภาษาไทย

Change to English
 แสดงรายละเอียดบรรณานุกรม
  กลับหน้าหลัก

Brief Record : Get Marc (ISO 2709) : E-mail record : QR code < ปิดหน้าต่าง
LEADER : 00000nam 2200000uu 4500
001    13399112354
003     ULIB
008    110805s2550||||th 000 0 tha d
020    9789745719958
050 0  HD58.7^bส345พ 2550
100 0  สร้อยตระกูล (ติวยานนท์) อรรถมานะ
245 10 พฤติกรรมองค์การ :^bทฤษฎีและการประยุกต์ /^cสร้อยตระกูล (ติวยานนท์) อรรถมานะ
250    พิมพ์ครั้งที่ 4 แก้ไขเพิ่มเติม
260    กรุงเทพฯ :^bสำนักพิมพ์มหาวิทยาลัยธรรมศาสตร์,^c2550
300    (28), 556 หน้า :^bภาพประกอบ ;^c26 ซม.
504    บรรณานุกรม
650  7 การพัฒนาองค์การ
650  7 พฤติกรรมมนุษย์
650  7 พฤติกรรมองค์การ
945    ^p490^l0^i023955
945    ^p490^l0^i023956
995    ทศพร
999 ^a ทศพร
รายการนี้ยังไม่มีแท็ก
คุณยังไม่ได้ล็อกอิน คุณสามารถมีกิจกรรมร่วมกับเว็บไซต์ได้ แต่ต้องล็อกอินก่อน ::
  ล็อกอิน

รายการสื่อสารสนเทศ

ลำดับที่ ประเภท เลขเรียก/บาร์โค้ด สถานที่ สถานะ
- ไม่พบข้อมูล -

รายการใกล้เคียง
    ผู้แต่ง [สร้อยตระกูล (ติวยานนท์) อรรถมานะ]

    หัวเรื่อง [การพัฒนาองค์การ]
    หัวเรื่อง [พฤติกรรมมนุษย์]
    หัวเรื่อง [พฤติกรรมองค์การ]

BibComment


ยังไม่เคยถูกคอมเมนท์

คอมเมนท์ทรัพยากรรายการนี้
  คอมเมนท์: พฤติกรรมองค์การ ..


 Copyright 2026. Bcnsprnw @Library